000 00597nam a2200217Ia 4500
003 OSt
005 20220928135737.0
006 a|||||r|||| 00| 0
007 ta
008 220927b |||||||| |||| 00| 0 eng d
024 _a4745
037 _cTextual
040 _aSDCL
_cSDCL
_beng
041 _2eng
_aeng
082 _aX:5450j77.61'N7, L9
100 _aStein Leslie
_9492735
245 0 _aGrowth of East African exports and their effect on economic development
260 _c1979
942 _hX:5450j77.61'N7, L9
_cTEXL
_2CC
999 _c808378
_d808378